LEADER 01272nam a2200217 i 4500 001 000000047011 003 CaOOAMICUS 005 20120302000000.0 008 120302s1954 xx u000 u fre u 013 $a18181 040 $aSeMil$bita 100 1 $aVooght, Paul : de.$0(OLS)http://semarc/name/23369 245 14$aLes sources de la doctrine chrétienne :$bd'après les théologiens du 14. siècle et du début du 15. avec le texte intégral des 12 premières questions de la Summa Inédite de Gérard de Bologne (+ 1317) /$cPaul de Vooght. 260 $a[Bruges] :$bDesclée de Brouwer,$c1954. 300 $a495 p. ;$c24 cm. 500 $aContiene : Appendice. - In mezzo al front : Ouvrage publié avec le concours de la Fondation Universitaire de Belgique. 650 4$aTeologia - Saggi.$0(OLS)http://semarc/subject/231 850 $aSeMil 852 $aSeMil$W1$xVenegono$y1$m2C III 106$j13166$B13166$CSeMilBibl$Z2$F13166 $81 996 $6245$aLes sources de la doctrine chrétienne :$bd'après les théologiens du 14. siècle et du début du 15. avec le texte intégral des 12 premières questions de la Summa Inédite de Gérard de Bologne (+ 1317)$9(OLS)http://semarc/title/70580 996 $6260$a[Bruges] :$bDesclée de Brouwer$9(OLS)http://semarc/publisher/40270 LEADER 02177nas a2200385 i 4500 001 000000217054 003 CaOOAMICUS 005 20131115000000.0 008 120213b2012 it uu u0 0ita r 013 $a195950 040 $aSeMil$bita 245 10$a[2012 :$bN. 396-405]. 260 $aRoma :$bCiSCS,$ccopyr. 2012. 300 $a1 v. (varie sequenze) :$bill. ;$c31 cm + [3] allegati. 500 $aIn Allegato : Inserti promozionali ; Comunicazione redazionale. 773 0 $tEdAv.$dRoma : CiSCS, 1972.$x0393-098X$w()2225 774 0 $t5 per mille.$w()278162 774 0 $tNuovi linguaggi, nuova cultura. - 23 p. - Titolo dalla copertina.$w()278163 774 0 $tLeone d'oro e Premio Taddei. - 32 p. - Titolo dalla copertina. - In copertina.$w()278164 774 0 $tDallo schermo allo sguardo interiore. - 23 p. - Titolo dalla copertina. - In copertina.$w()278165 774 0 $tTaddei, metafisica e linguaggio.$w()278166 774 0 $tCurarsi con il cinema. - 23 p. - Titolo dalla copertina. - In copertina.$w()278167 774 0 $tAutorità e potere. - 23 p. - Titolo dalla copertina. - In copertina.$w()278168 774 0 $tConsegna a Roma del «Premio Taddei». - 23 p. - Titolo dalla copertina. - In copertina.$w()278202 774 0 $t5 per mille.$w()278203 774 0 $tNel silenzio la parola. - 23 p. - Titolo dalla copertina. - In copertina.$w()278204 774 0 $tFamiglia e mentalità massmediale. - 23 p. - Titolo dalla copertina. - In copertina.$w()278212 774 0 $tComunicato della celebrazione della Santa Messa nel 6. anniversario della morte di P. Nazareno Taddei, Roma, Chiesa di Sant'Andrea al Quirinale, 17 giugno 2012, ore 16,30. - [1] c.$w()278213 774 0 $tCinema e neuroni specchio. - 23 p. - Titolo dalla copertina.$w()278436 774 0 $tIndici dell'annata 2012. - VIII p. - Titolo dalla prima pagina.$w()279051 850 $aSeMil 852 $aSeMil$W1$xVenegono$y1$m228 5 23$j167470$B167470$CSeMilBibl$Z2$F185205 $85 961 $aAbbonamento: Centro Editoriale Dehoniano 996 $6245$a[2012 :$bN. 396-405]$9(OLS)http://semarc/title/311963 996 $6260$aRoma :$bCiSCS$9(OLS)http://semarc/publisher/30620